Fundamentos de economía / José Silvestre Mendez Morales (Registro nro. 3034)

Detalles MARC
000 -LEADER
fixed length control field 00502nam a22002051a 4500
001 - CONTROL NUMBER
control field 3034
003 - CONTROL NUMBER IDENTIFIER
control field OSt
005 - DATE AND TIME OF LATEST TRANSACTION
control field 20260204211835.0
008 - FIXED-LENGTH DATA ELEMENTS--GENERAL INFORMATION
fixed length control field 070424s2005||||mx ||||||b||||||||||spa||
020 ## - NUMERO DE LIBRO INTERNACIONAL NORMALIZADO
International Standard Book Number 9701049306
050 ## - LIBRARY OF CONGRESS CALL NUMBER
Classification number 330 M52f
100 ## - ASIENTO PRINCIPAL -- NOMBRE PERSONAL
Personal name Mendez Morales, José Silvestre
245 ## - TÍTULO PROPIAMENTE DICHO: SUBTÍTULO
Title Fundamentos de economía / José Silvestre Mendez Morales
250 ## - MENCIÓN DE EDICIÓN
Edition statement 4
264 ## - PRODUCTION, PUBLICATION, DISTRIBUTION, MANUFACTURE, AND COPYRIGHT NOTICE
Place of production, publication, distribution, manufacture México: McGraw-Hill
300 ## - PHYSICAL DESCRIPTION
Extensión 348 p
500 ## - GENERAL NOTE
General note Incluye indice
650 ## - ASIENTO SECUNDARIO DE MATERIA -- TERMINO TEMÁTICO
Termino Temático Como Elemento de Entrada EconomíaÌ
942 ## - ADDED ENTRY ELEMENTS (KOHA)
Source of classification or shelving scheme Dewey Decimal Classification
Koha item type Libros
Existencias
Withdrawn status Lost status Source of classification or shelving scheme Damaged status Not for loan Current library Date acquired Full call number Barcode Date last seen Price effective from Koha item type Total Checkouts
    Dewey Decimal Classification Descartado para donación   Biblioteca UTECO 09/09/2019 330 M52F 012879 09/09/2019 09/09/2019 Libros  
    Dewey Decimal Classification     Biblioteca UTECO 09/09/2019 330 M52F 012880 09/09/2019 09/09/2019 Libros  
    Dewey Decimal Classification     Biblioteca UTECO 09/09/2019 330 M52F 015472 09/09/2019 09/09/2019 Libros  
    Dewey Decimal Classification     Biblioteca UTECO 09/09/2019 330 M52F 015473 09/09/2019 09/09/2019 Libros  
    Dewey Decimal Classification     Biblioteca UTECO 09/09/2019 330 M52F 015474 09/09/2019 09/09/2019 Libros  
    Dewey Decimal Classification     Biblioteca UTECO 09/09/2019 330 M52F 015475 09/09/2019 09/09/2019 Libros  
    Dewey Decimal Classification     Biblioteca UTECO 09/09/2019 330 M52F 015476 09/09/2019 09/09/2019 Libros  
    Dewey Decimal Classification     Biblioteca UTECO 09/09/2019 330 M52F 015477 09/09/2019 09/09/2019 Libros  
    Dewey Decimal Classification     Biblioteca UTECO 09/09/2019 330 M52F 015478 09/09/2019 09/09/2019 Libros  
    Dewey Decimal Classification     Biblioteca UTECO 09/09/2019 330 M52F 015479 09/09/2019 09/09/2019 Libros  
    Dewey Decimal Classification Descartado para donación   Biblioteca UTECO 09/09/2019 330 M52F 015480 09/09/2019 09/09/2019 Libros  
    Dewey Decimal Classification     Biblioteca UTECO 09/09/2019 330 M52F 015481 09/09/2019 09/09/2019 Libros  
© 2021 Derechos Reservados UTECO - Teléfono: +1 809-585-2291 - Correo electrónico: biblioteca@uteco.edu.do​  
Código postal 43000 ​​
Dirección: Avenida Universitaria No. 100, 
Cotuí, Provincia Sánchez Ramírez, República Dominicana - RNC: 404-00059-6